Štrukturálne zmeny vo výrobe a ekonomike virtuálnej farmy na Slovensku
Štrukturálne zmeny vo virtuálnom poľnohospodárskom podniku v SR. Je ňou priemerná farma, reprezentujúca poľnohospodárstvo SR v systéme FADN. Analýza vývoja a kombinácie výrobných faktorov, zmeny v štruktúre rastlinnej a živočíšnej výroby a premietanie týchto zmien do výsledkov výroby a ekonomiky. Ko...
Guardado en:
| Autor principal: | |
|---|---|
| Otros Autores: | |
| Formato: | Capítulo de libro |
| Lenguaje: | eslovaco |
| Materias: | |
| Etiquetas: |
Sin Etiquetas, Sea el primero en etiquetar este registro!
|
MARC
| LEADER | 00000nla a2200000 4500 | ||
|---|---|---|---|
| 001 | 0239940 | ||
| 005 | 20240527075935.6 | ||
| 041 | 0 | |a slo | |
| 044 | |a SK | ||
| 245 | 1 | 0 | |a Štrukturálne zmeny vo výrobe a ekonomike virtuálnej farmy na Slovensku |c Miroslav Grznár, Ľuboslav Szabo |
| 520 | |a Štrukturálne zmeny vo virtuálnom poľnohospodárskom podniku v SR. Je ňou priemerná farma, reprezentujúca poľnohospodárstvo SR v systéme FADN. Analýza vývoja a kombinácie výrobných faktorov, zmeny v štruktúre rastlinnej a živočíšnej výroby a premietanie týchto zmien do výsledkov výroby a ekonomiky. Komparácie výsledkov slovenskej a nemeckej virtuálnej farmy naznačuje mieru odstupu slovenských poľnohospodárskych výrobcov, ako aj niektoré príčiny existujúcich disparít vo výrobných i ekonomických parametroch fariem medzi krajinami EÚ. | ||
| 610 | 2 | 0 | |a podnik virtuálny |
| 610 | 2 | 0 | |a farmy |
| 610 | 2 | 0 | |a zmeny štruktúrne |
| 610 | 2 | 0 | |a faktory výrobné |
| 610 | 2 | 0 | |a faktory produktivity práce |
| 610 | 2 | 0 | |a výroba rastlinná |
| 610 | 2 | 0 | |a výroba živočíšna |
| 610 | 2 | 0 | |a výroba poľnohospodárska |
| 100 | 1 | |a Grznár, Miroslav | |
| 700 | 1 | |a Szabo, Ľuboslav | |